Multiple Choice Geography Quiz - Statistics

General Stats
  • This quiz has been taken 571 times
  • The average score is 10 of 15
Answer Stats
Question Answer % Correct
What is the capital of Scotland? Edinburgh
100%
What is the capital of Australia? Canberra
93%
What is the capital of Djibouti? Djibouti
93%
What canal separates North America and South America? Panama
93%
What is the tallest waterfall in the world? Angel
86%
How many continents are there in the world? 7
83%
What country recently (May 2019) changed their name? Macedonia
76%
How many UN recognised sovereign states are there in the world? 193
69%
How many countries are there in Africa? 54
66%
What is the only double-landlocked country in Europe? Liechtenstein
62%
How many oceans are there in the world? 5
55%
What is the largest desert in the world? Antarctica
48%
What is the tallest active volcano in the world? Ojos Del Salado
41%
How many Commonwealth countries are there? 53
38%
How many countries are there in the Arctic Circle? 8
34%
No matching quizzes found
Score Distribution
Percent of People with Each Score
Percentile by Number Answered
Your Score History
You have not taken this quiz